History - European | 0 | 4 | 0 | 0 | 40 | 74 | 95.75 | 0 | 0 |
History - World | 0 | 3 | 0 | 0 | 30 | 115 | 118.00 | 0 | 0 |
Other - Other Academic and General Knowledge | 1 | 1 | 0 | 0 | 25 | 57 | 72.50 | 0 | 0 |
Science - Biology | 0 | 2 | 0 | 0 | 20 | 95 | 104.00 | 0 | 0 |
Literature - American | 0 | 2 | 0 | 0 | 20 | 114 | 127.00 | 0 | 0 |
Social Science - Psychology | 0 | 2 | 0 | 0 | 20 | 72 | 81.50 | 0 | 0 |
History - American | 0 | 2 | 0 | 0 | 20 | 109 | 113.50 | 0 | 0 |
History - Cross, Historiography, and Miscellaneous | 0 | 2 | 0 | 0 | 20 | 64 | 93.50 | 0 | 0 |
Literature - World and Miscellaneous | 0 | 1 | 0 | 0 | 10 | 80 | 80.00 | 0 | 0 |
Fine Arts - Music | 0 | 1 | 0 | 0 | 10 | 131 | 131.00 | 0 | 0 |
Geography - Europe | 0 | 1 | 0 | 0 | 10 | 100 | 100.00 | 0 | 0 |
Literature - British | 0 | 1 | 0 | 0 | 10 | 125 | 125.00 | 0 | 0 |
Fine Arts - Film | 0 | 1 | 0 | 0 | 10 | 141 | 141.00 | 0 | 0 |
RMP - World Mythology | 0 | 1 | 0 | 0 | 10 | 79 | 79.00 | 0 | 0 |
Science - Physics | 0 | 1 | 0 | 0 | 10 | 126 | 126.00 | 0 | 0 |
Social Science - Other | 0 | 1 | 0 | 0 | 10 | 109 | 109.00 | 0 | 0 |
Fine Arts - Opera | 0 | 0 | 0 | 0 | 0 | | 0.00 | 0 | 0 |
Fine Arts - Painting | 0 | 0 | 0 | 0 | 0 | | 0.00 | 0 | 0 |
Science - Chemistry | 0 | 0 | 0 | 0 | 0 | | 0.00 | 0 | 0 |
Science - Computer Science | 0 | 0 | 0 | 0 | 0 | | 0.00 | 0 | 0 |
Science - Engineering and Miscellaneous | 0 | 0 | 0 | 0 | 0 | | 0.00 | 0 | 0 |
Fine Arts - Sculpture | 0 | 0 | 0 | 0 | 0 | | 0.00 | 0 | 0 |
RMP - Greco-Roman Mythology | 0 | 0 | 0 | 0 | 0 | | 0.00 | 0 | 0 |
RMP - Jewish Practice | 0 | 0 | 0 | 0 | 0 | | 0.00 | 0 | 0 |